<?xml version="1.0" encoding="UTF-8"?>
<record
    xmlns:xsi="http://www.w3.org/2001/XMLSchema-instance"
    xsi:schemaLocation="http://www.loc.gov/MARC21/slim http://www.loc.gov/standards/marcxml/schema/MARC21slim.xsd"
    xmlns="http://www.loc.gov/MARC21/slim">

  <leader>01693nam a22002417a 4500</leader>
  <controlfield tag="003">DO-SdBNP</controlfield>
  <controlfield tag="005">20230125125932.0</controlfield>
  <controlfield tag="007">ta</controlfield>
  <controlfield tag="008">220317b2012       a|||| |||| 00| 0 spa d</controlfield>
  <datafield tag="020" ind1=" " ind2=" ">
    <subfield code="a">2789945481228</subfield>
  </datafield>
  <datafield tag="040" ind1=" " ind2=" ">
    <subfield code="a">DO-SdBNP</subfield>
    <subfield code="b">spa</subfield>
    <subfield code="c">BNPHU</subfield>
  </datafield>
  <datafield tag="082" ind1=" " ind2="4">
    <subfield code="2">22</subfield>
    <subfield code="b">G934h</subfield>
  </datafield>
  <datafield tag="100" ind1=" " ind2=" ">
    <subfield code="a">Guerrero, Miguel,</subfield>
    <subfield code="d">1945-</subfield>
    <subfield code="9">14303</subfield>
  </datafield>
  <datafield tag="245" ind1="1" ind2="3">
    <subfield code="a">La herencia tr&#xE1;gica del populismo /</subfield>
    <subfield code="c">Miguel Guerrero ; pr&#xF3;logo, Fausto Rosario Adames</subfield>
  </datafield>
  <datafield tag="260" ind1=" " ind2=" ">
    <subfield code="a">Santo Domingo :</subfield>
    <subfield code="b">Centenario,</subfield>
    <subfield code="c">2012</subfield>
  </datafield>
  <datafield tag="300" ind1=" " ind2=" ">
    <subfield code="a">210 p. :</subfield>
    <subfield code="b">il. ;</subfield>
    <subfield code="c">24 cm.</subfield>
  </datafield>
  <datafield tag="500" ind1=" " ind2=" ">
    <subfield code="a">Incluye datos biogr&#xE1;ficos del autor  en la solapa de la contracubierta</subfield>
  </datafield>
  <datafield tag="505" ind1=" " ind2=" ">
    <subfield code="a">Breve explicaci&#xF3;n y agradecimientos.-- Pr&#xF3;logo.-- Introducci&#xF3;n</subfield>
    <subfield code="g">Cap&#xED;tulo I</subfield>
    <subfield code="t">Todo mal tiene un inicio.--</subfield>
    <subfield code="g">Cap&#xED;tulo II</subfield>
    <subfield code="t">La imagen cruda de la pobreza.--</subfield>
    <subfield code="g">Cap&#xED;tulo III.</subfield>
    <subfield code="t">El para&#xED;so virtual en que vivimos.--</subfield>
    <subfield code="g">Cap&#xED;tulo IV.</subfield>
    <subfield code="t">La estructura elitista de la sociedad.--</subfield>
    <subfield code="g">Cap&#xED;tulo V.</subfield>
    <subfield code="t">El desequilibrio social y los factores internos que lo generan.--</subfield>
    <subfield code="g">Cap&#xED;tulo VI.</subfield>
    <subfield code="t">La falta de transparencia en el &#xE1;mbito p&#xFA;blico.--</subfield>
    <subfield code="g">Cap&#xED;tulo VII.</subfield>
    <subfield code="t">La fr&#xE1;gil seguridad ciudadana.--</subfield>
    <subfield code="g">Cap&#xED;tulo VIII.</subfield>
    <subfield code="t">El empobrecimiento de la clase media y los logros del milenio.--</subfield>
    <subfield code="g">Cap&#xED;tulo IX.</subfield>
    <subfield code="t">La necesaria valoraci&#xF3;n del voto.--</subfield>
    <subfield code="g">Cap&#xED;tulo X.</subfield>
    <subfield code="t">La deuda externa y el desempleo</subfield>
    <subfield code="g">Cap&#xED;tulo XI</subfield>
    <subfield code="t">Cuando la moderaci&#xF3;n cede el espacio al ruido.--</subfield>
    <subfield code="g">Cap&#xED;tulo XII.</subfield>
    <subfield code="t">El peligro de la unanimidad y la mentira como arma pol&#xED;tica.--</subfield>
    <subfield code="g">Cap&#xED;tulo XIII.</subfield>
    <subfield code="t">Competitividad, seguridad jur&#xED;dica y ciudadana.--</subfield>
    <subfield code="g">Cap&#xED;tulo XIV.</subfield>
    <subfield code="t">En el reino de la Corrupci&#xF3;n.--</subfield>
    <subfield code="t">Palabras finales.</subfield>
  </datafield>
  <datafield tag="590" ind1=" " ind2=" ">
    <subfield code="a">Inventariado, 2022/BT</subfield>
  </datafield>
  <datafield tag="700" ind1="1" ind2=" ">
    <subfield code="a">Rosario Adames, Fausto,</subfield>
    <subfield code="e">pr&#xF3;l.</subfield>
    <subfield code="9">14484</subfield>
  </datafield>
  <datafield tag="910" ind1=" " ind2=" ">
    <subfield code="a">Btav&#xE1;rez</subfield>
  </datafield>
  <datafield tag="942" ind1=" " ind2=" ">
    <subfield code="2">ddc</subfield>
    <subfield code="c">LBS1</subfield>
  </datafield>
  <datafield tag="952" ind1=" " ind2=" ">
    <subfield code="0">0</subfield>
    <subfield code="1">0</subfield>
    <subfield code="2">ddc</subfield>
    <subfield code="5">3</subfield>
    <subfield code="7">0</subfield>
    <subfield code="8">PD</subfield>
    <subfield code="a">BNPHU</subfield>
    <subfield code="b">BNPHU</subfield>
    <subfield code="c">HD</subfield>
    <subfield code="d">2022-03-17</subfield>
    <subfield code="e">Compra</subfield>
    <subfield code="l">0</subfield>
    <subfield code="p">2022-0897</subfield>
    <subfield code="r">2022-03-17</subfield>
    <subfield code="w">2022-03-17</subfield>
    <subfield code="y">LBS1</subfield>
  </datafield>
  <datafield tag="952" ind1=" " ind2=" ">
    <subfield code="0">0</subfield>
    <subfield code="1">0</subfield>
    <subfield code="2">ddc</subfield>
    <subfield code="5">3</subfield>
    <subfield code="7">0</subfield>
    <subfield code="8">PD</subfield>
    <subfield code="a">BNPHU</subfield>
    <subfield code="b">BNPHU</subfield>
    <subfield code="c">HD</subfield>
    <subfield code="d">2022-03-17</subfield>
    <subfield code="e">Compra</subfield>
    <subfield code="l">0</subfield>
    <subfield code="p">2022-0898</subfield>
    <subfield code="r">2022-03-17</subfield>
    <subfield code="t">e.2</subfield>
    <subfield code="w">2022-03-17</subfield>
    <subfield code="y">LBS1</subfield>
  </datafield>
  <datafield tag="952" ind1=" " ind2=" ">
    <subfield code="0">0</subfield>
    <subfield code="1">0</subfield>
    <subfield code="2">ddc</subfield>
    <subfield code="5">6</subfield>
    <subfield code="7">0</subfield>
    <subfield code="8">DS</subfield>
    <subfield code="a">BNPHU</subfield>
    <subfield code="b">BNPHU</subfield>
    <subfield code="c">CT</subfield>
    <subfield code="d">2022-03-17</subfield>
    <subfield code="e">Compra</subfield>
    <subfield code="l">0</subfield>
    <subfield code="p">2022-0899</subfield>
    <subfield code="r">2022-03-17</subfield>
    <subfield code="t">e.3</subfield>
    <subfield code="w">2022-03-17</subfield>
    <subfield code="y">LBS1</subfield>
  </datafield>
  <datafield tag="952" ind1=" " ind2=" ">
    <subfield code="0">0</subfield>
    <subfield code="1">0</subfield>
    <subfield code="2">ddc</subfield>
    <subfield code="5">6</subfield>
    <subfield code="7">0</subfield>
    <subfield code="8">DS</subfield>
    <subfield code="a">BNPHU</subfield>
    <subfield code="b">BNPHU</subfield>
    <subfield code="c">CT</subfield>
    <subfield code="d">2023-01-25</subfield>
    <subfield code="l">0</subfield>
    <subfield code="o">G934h</subfield>
    <subfield code="p">2023-0423</subfield>
    <subfield code="r">2023-01-25</subfield>
    <subfield code="t">e.4</subfield>
    <subfield code="w">2023-01-25</subfield>
    <subfield code="y">LBS1</subfield>
  </datafield>
  <datafield tag="999" ind1=" " ind2=" ">
    <subfield code="c">51435</subfield>
    <subfield code="d">51435</subfield>
  </datafield>
</record>
